[Event "Mistrzostwa Woj. Podkarpackiego w szacha"]
[Site "Pstragowa"]
[Date "2015.??.??"]
[Round "7.1"]
[White "Babiarz, Mariusz"]
[Black "Pulik, Krzysztof"]
[Result "0-1"]
[WhiteElo "1912"]
[BlackElo "2117"]
[PlyCount "106"]
[EventDate "2015.??.??"]

1. c4 e6 2. Nc3 d5 3. e3 c5 4. d4 Nf6 5. Nf3 a6 6. dxc5 Bxc5 7. a3 O-O 8. b4
Ba7 9. Bb2 Nc6 10. Be2 dxc4 11. Qxd8 Rxd8 12. Bxc4 b5 13. Bb3 Bb7 14. Ke2 a5
15. Rhd1 Rdc8 16. Nxb5 Ba6 17. a4 axb4 18. Ke1 Bc5 19. Rac1 Na5 20. Nd2 Nd5 21.
Rc2 Nb6 22. Rdc1 Nxb3 23. Nxb3 Nxa4 24. Nxc5 Bxb5 25. Nxa4 Rxc2 26. Rxc2 Bxa4
27. Rc4 b3 28. Rb4 f6 29. f4 Bc6 30. Rxb3 Bxg2 31. Kf2 Bd5 32. Rb4 Rc8 33. Bd4
Rc2+ 34. Kg3 Rg2+ 35. Kh3 Kf7 36. Rb2 Rg6 37. Rc2 Ke7 38. Rc7+ Kd6 39. Rc8 Bg2+
40. Kh4 Bf3 41. Rd8+ Kc6 42. Rh8 Kd5 43. Rxh7 Rg4+ 44. Kh5 Rg2+ 45. Kh4 Rxh2+
46. Kg3 Rxh7 47. Kxf3 Rh1 48. Bb6 Rg1 49. Ke2 Rb1 50. Bd4 Ke4 51. Kd2 Rb4 52.
Bc5 Rb2+ 53. Ke1 Kd3 0-1

[Event "Mistrzostwa Woj. Podkarpackiego w szacha"]
[Site "Pstragowa"]
[Date "2015.??.??"]
[Round "7.2"]
[White "Czopor, Maciej"]
[Black "Mis, Mieszko"]
[Result "1/2-1/2"]
[WhiteElo "1714"]
[BlackElo "1819"]
[PlyCount "86"]
[EventDate "2015.??.??"]

1. e4 e6 2. d4 d5 3. Nd2 Nf6 4. e5 Nfd7 5. Bd3 c5 6. c3 Nc6 7. Ne2 cxd4 8. cxd4
f6 9. exf6 Nxf6 10. O-O Bd6 11. Nf3 O-O 12. Bg5 Qc7 13. Rc1 Bd7 14. Bh4 Be8 15.
Ng3 h6 16. Qe2 Qd7 17. Bxf6 Rxf6 18. a3 Kh8 19. b4 a6 20. Bb1 Qd8 21. Rfd1 Bf4
22. Rc5 Na7 23. Ne5 Nc6 24. Ng4 Bxg3 25. Nxf6 Bxh2+ 26. Kxh2 Qxf6 27. Qd3 g6
28. Qe3 Kg7 29. Rc2 Bd7 30. Re2 Rf8 31. g3 Ne7 32. Kg2 Bb5 33. Bd3 Bd7 34. Rh1
g5 35. Bb1 Bb5 36. Rd2 Nc6 37. Re1 Re8 38. Qc3 Rf8 39. Re3 Bc4 40. Qc2 Qf5 41.
Qxf5 exf5 42. Bd3 b5 43. Bb1 Kf6 1/2-1/2

[Event "Mistrzostwa Woj. Podkarpackiego w szacha"]
[Site "Pstragowa"]
[Date "2015.??.??"]
[Round "7.3"]
[White "Gaj, Szymon"]
[Black "Swiech, Joanna"]
[Result "1-0"]
[WhiteElo "1753"]
[BlackElo "1729"]
[PlyCount "101"]
[EventDate "2015.??.??"]

1. d4 d5 2. c4 dxc4 3. e3 Nf6 4. Bxc4 e6 5. Nf3 c5 6. O-O Nc6 7. dxc5 Qxd1 8.
Rxd1 Bxc5 9. a3 a6 10. b4 Be7 11. Bb2 b5 12. Be2 Bd7 13. Nbd2 O-O 14. Nb3 Nd5
15. Rac1 Rac8 16. Nfd4 Nxd4 17. Bxd4 Rfd8 18. Nc5 Bxc5 19. Rxc5 Rxc5 20. Bxc5
Re8 21. Bf1 h6 22. g3 Ra8 23. h4 Bc6 24. Rc1 Nf6 25. Bd4 Bd5 26. Bxf6 gxf6 27.
Bg2 Bxg2 28. Kxg2 Rb8 29. Kf3 Kg7 30. Rc6 Kg6 31. Kf4 Kh5 32. f3 Kg6 33. Ke4
Kg7 34. f4 f5+ 35. Ke5 Rd8 36. Rd6 Rc8 37. Rxa6 Rc4 38. Kd6 Rc3 39. Ra8 Kg6 40.
Ke7 Kg7 41. h5 Rc7+ 42. Kd6 Rc3 43. a4 bxa4 44. b5 Rd3+ 45. Kc7 Rc3+ 46. Kb7 a3
47. b6 Kf6 48. Kb8 Ke7 49. Ra7+ Kd6 50. b7 a2 51. Rxa2 1-0

[Event "Mistrzostwa Woj. Podkarpackiego w szacha"]
[Site "Pstragowa"]
[Date "2015.??.??"]
[Round "7.4"]
[White "Kozak, Antoni"]
[Black "Kucharski, Bartlomiej"]
[Result "1/2-1/2"]
[WhiteElo "1440"]
[BlackElo "1454"]
[PlyCount "59"]
[EventDate "2015.??.??"]

1. Nf3 Nf6 2. c4 g6 3. Nc3 Bg7 4. d4 O-O 5. Bf4 d6 6. e3 Nbd7 7. h3 Re8 8. Be2
b6 9. O-O Bb7 10. Bh2 e5 11. Qc2 Qe7 12. Rad1 a6 13. a3 Rad8 14. Rfe1 Nh5 15.
Nd5 Bxd5 16. cxd5 e4 17. Nd2 Nb8 18. Rc1 Rc8 19. Bxh5 gxh5 20. Qd1 Qg5 21. Qb3
Kh8 22. Bf4 Qg6 23. Kh1 Bh6 24. Bxh6 Qxh6 25. Nb1 Rg8 26. Nc3 Qg5 27. Rg1 Qf5
28. Qc2 Rge8 29. f3 Qg5 30. f4 1/2-1/2

[Event "Mistrzostwa Woj. Podkarpackiego w szacha"]
[Site "Pstragowa"]
[Date "2015.??.??"]
[Round "7.5"]
[White "Jurkiewicz, Zuzanna"]
[Black "Nowakowski, Jacek"]
[Result "0-1"]
[WhiteElo "1457"]
[BlackElo "1677"]
[PlyCount "82"]
[EventDate "2015.??.??"]

1. e4 c5 2. Nf3 d6 3. d4 cxd4 4. Nxd4 Nc6 5. c3 e5 6. Nb3 Nf6 7. Bd3 Be7 8. O-O
Be6 9. Kh1 Qb6 10. f3 h6 11. N1d2 Rd8 12. Nc4 Qc7 13. Qe2 O-O 14. Re1 a5 15.
Be3 Bxc4 16. Bxc4 d5 17. exd5 Nxd5 18. Bxd5 Rxd5 19. Qc4 Rfd8 20. Qg4 Kh8 21.
Qf5 Bf8 22. Nc1 Nb8 23. Ne2 Qd7 24. Qxd7 Nxd7 25. Ng3 b5 26. a3 a4 27. Rad1 Nf6
28. Rxd5 Rxd5 29. Kg1 Nd7 30. Nf1 f6 31. Kf2 Bc5 32. Re2 Rd3 33. Bxc5 Nxc5 34.
Re3 Rd1 35. Re2 Nd3+ 36. Ke3 Nf4 37. Rf2 Rb1 38. Ng3 Nd5+ 39. Ke4 Nb6 40. Nf5
Nc4 41. Ne3 Re1 0-1

[Event "Mistrzostwa Woj. Podkarpackiego w szacha"]
[Site "Pstragowa"]
[Date "2015.??.??"]
[Round "7.6"]
[White "Dzwierzynski, Bartosz"]
[Black "Kozubal, Aleksandra"]
[Result "1/2-1/2"]
[WhiteElo "1411"]
[BlackElo "1554"]
[PlyCount "64"]
[EventDate "2015.??.??"]

1. d4 d5 2. c4 e6 3. cxd5 exd5 4. Nf3 Bd6 5. Nc3 c6 6. Bg5 f6 7. Bh4 Ne7 8. e3
O-O 9. Bd3 Bf5 10. Qc2 Bxd3 11. Qxd3 Ng6 12. Bg3 Re8 13. O-O Na6 14. a3 Nc7 15.
b4 Qd7 16. Bxd6 Qxd6 17. b5 Rab8 18. bxc6 bxc6 19. Na4 Rb5 20. Nc5 Ne6 21. Nxe6
Qxe6 22. Rab1 Reb8 23. a4 R5b6 24. Rfc1 Qd7 25. Rxb6 Rxb6 26. Rb1 Qb7 27. Rxb6
Qxb6 28. g3 Ne7 29. Nd2 Qb4 30. Qc2 Kf7 31. Nf3 g6 32. h4 h5 1/2-1/2

[Event "Mistrzostwa Woj. Podkarpackiego w szacha"]
[Site "Pstragowa"]
[Date "2015.??.??"]
[Round "7.7"]
[White "Babiarz, Arkadiusz"]
[Black "Kadziela, Andrzej"]
[Result "1-0"]
[WhiteElo "1471"]
[BlackElo "1561"]
[PlyCount "49"]
[EventDate "2015.??.??"]

1. e4 c6 2. c4 g6 3. d4 Bg7 4. Nf3 c5 5. dxc5 b6 6. Nc3 bxc5 7. Qd5 Qa5 8. Qxa8
Nf6 9. Qxb8 O-O 10. Bd2 Ba6 11. Qb3 Qc7 12. Be2 Rb8 13. Qc2 Bxc4 14. Bxc4 d5
15. exd5 Nxd5 16. Nxd5 Qd7 17. Bc3 e6 18. Ne3 f6 19. O-O Kh8 20. Rfd1 Qc6 21.
Rd2 e5 22. Rad1 Bh6 23. Rd8+ Rxd8 24. Rxd8+ Kg7 25. Rg8# 1-0

[Event "Mistrzostwa Woj. Podkarpackiego w szacha"]
[Site "Pstragowa"]
[Date "2015.??.??"]
[Round "7.8"]
[White "Wasik, Roman"]
[Black "Stefanski, Adam"]
[Result "1-0"]
[WhiteElo "1551"]
[BlackElo "1313"]
[PlyCount "61"]
[EventDate "2015.??.??"]

1. Nf3 c6 2. c4 d5 3. e3 Bg4 4. d4 Nf6 5. Nc3 e6 6. Be2 Bb4 7. cxd5 cxd5 8. Bd2
Nc6 9. O-O O-O 10. Rc1 Rc8 11. a3 Ba5 12. b4 Bc7 13. h3 Bh5 14. Nh2 Bxe2 15.
Qxe2 a6 16. Nf3 b5 17. Nxb5 axb5 18. Rxc6 Rb8 19. Rfc1 Bd6 20. Ne5 Ne8 21. R6c2
Rb6 22. Qg4 Bb8 23. Rc8 Qf6 24. Nd7 Qe7 25. Nxb6 Nd6 26. Rxf8+ Kxf8 27. Nc8 Qd7
28. Nxd6 Bxd6 29. e4 dxe4 30. Qxe4 f5 31. Qc6 1-0